=LDR 00000nam 2200000 4500 =001 INLIS000000000019581 =005 20130612114626 =008 ***********************************Ind** =035 ##$$a0010-061300000019581 =041 ##$$a Ind =082 ##$$a 657 =090 ##$$a 657, Bar i =100 ##$$a Baridwan, Haki =245 ##$$a Intermediate accounting, oleh Dr. Haki Baridwan, MSC =260 ##$$a 1992 $b Yogykarta =300 ##$$a x, 475 hlm, 23 cm =650 ##$$a Akuntansi =850 ##$$a NBPNMAT =990 ##$$a 94658/BPAP-NTB/2014